[Event "M.Botvinnik Memorial 2012"]
[Site "St. Petersburg, Russia"]
[Date "2012.08.25"]
[Round "1.79"]
[White "Khatoev, Eduard"]
[Black "Egorov, Daniil"]
[Result "1-0"]
[WhiteElo "2322"]
[BlackElo "1824"]
[PlyCount "65"]
[EventDate "2012.08.25"]

1. Nf3 Nf6 2. c4 d6 3. d4 g6 4. Nc3 Bg7 5. e4 O-O 6. Be2 e5 7. O-O exd4 8. Nxd4
Re8 9. f3 Nc6 10. Be3 Nh5 11. f4 Nf6 12. Bf3 Bg4 13. Nxc6 Bxf3 14. Qxf3 bxc6
15. Rae1 Qb8 16. Bd4 Qb4 17. Bxf6 Bxf6 18. e5 Bg7 19. Qxc6 dxe5 20. Nd5 Qxb2
21. f5 gxf5 22. Rxf5 Rab8 23. Ref1 f6 24. Rxf6 Qb7 25. Qd7 c5 26. Qg4 Rf8 27.
Qe6+ Kh8 28. Rxf8+ Rxf8 29. Rxf8+ Bxf8 30. Qxe5+ Kg8 31. Nf6+ Kf7 32. Qf5 Kg7
33. Qxh7+ 1-0

[Event "M.Botvinnik Memorial 2012"]
[Site "St. Petersburg, Russia"]
[Date "2012.08.25"]
[Round "1.80"]
[White "Kosov, Igor"]
[Black "Sichinava, Zviad"]
[Result "0-1"]
[WhiteElo "1807"]
[BlackElo "2322"]
[PlyCount "78"]
[EventDate "2012.08.25"]

1. d4 Nf6 2. c4 c5 3. d5 b5 4. cxb5 a6 5. bxa6 Bxa6 6. Nc3 d6 7. Nf3 g6 8. e4
Bxf1 9. Kxf1 Nbd7 10. g3 Bg7 11. Kg2 O-O 12. Re1 Ra6 13. Qe2 Qa8 14. Bf4 Rb8
15. a3 Rab6 16. Ra2 Qb7 17. Na4 Rb5 18. Qc2 h6 19. Bc1 Ng4 20. h3 Ngf6 21. Nd2
Nxd5 22. Nc4 N5b6 23. Naxb6 Nxb6 24. Nxb6 Rxb6 25. Re2 Qc6 26. Kg1 e6 27. Qc4
d5 28. exd5 exd5 29. Qf4 d4 30. Re7 Qd5 31. Ra1 d3 32. Be3 Rxb2 33. Rc1 Rb1 34.
Kh2 R8b2 35. Rc7 Rxc1 36. Bxc1 d2 37. Bxd2 Rxd2 38. Rxc5 Qxc5 39. Qxd2 Qxa3 0-1

[Event "M.Botvinnik Memorial 2012"]
[Site "St. Petersburg, Russia"]
[Date "2012.08.25"]
[Round "1.81"]
[White "Barhudarian, Rafael"]
[Black "Radkov, Bazhen D"]
[Result "1-0"]
[WhiteElo "2320"]
[BlackElo "1805"]
[PlyCount "99"]
[EventDate "2012.08.25"]

1. e4 e5 2. Nf3 Nf6 3. Nxe5 d6 4. Nf3 Nxe4 5. Nc3 Nxc3 6. dxc3 Be7 7. Bf4 Be6
8. Qd2 Nd7 9. Nd4 O-O 10. Be2 Nf6 11. O-O d5 12. Bf3 Qd7 13. Rfe1 c5 14. Nxe6
fxe6 15. Qe3 Kf7 16. Bg5 b6 17. c4 d4 18. Qf4 Rae8 19. Bh5+ g6 20. Bg4 Bd8 21.
Bh6 Rg8 22. Bh3 Bc7 23. Qh4 Qd6 24. f4 e5 25. fxe5 Rxe5 26. Rxe5 Qxe5 27. Re1
Qxh2+ 28. Kf1 Qd6 29. Be6+ Qxe6 30. Rxe6 Kxe6 31. Qh3+ Kf7 32. Bg5 Re8 33. Qf3
Re6 34. Qb7 Re7 35. Qc6 Be5 36. a4 Rc7 37. Qf3 Kg7 38. Bf4 Bxf4 39. Qxf4 Re7
40. Qd6 Rf7 41. Kg1 Ng4 42. b4 cxb4 43. Qxd4+ Nf6 44. Qb2 Rd7 45. Qxb4 Ne4 46.
Qb2+ Nf6 47. a5 bxa5 48. c5 Rc7 49. Qb8 Nd5 50. c4 1-0

[Event "M.Botvinnik Memorial 2012"]
[Site "St. Petersburg, Russia"]
[Date "2012.08.25"]
[Round "1.82"]
[White "Ladzin, Ivan"]
[Black "Serrano Salvador, Eduardo"]
[Result "0-1"]
[WhiteElo "1791"]
[BlackElo "2319"]
[PlyCount "78"]
[EventDate "2012.08.25"]

1. d4 d5 2. Bg5 h6 3. Bh4 c6 4. e3 Qb6 5. Qc1 e5 6. c3 Nd7 7. Bd3 Be7 8. Bxe7
Nxe7 9. Ne2 O-O 10. O-O e4 11. Bc2 f5 12. Nd2 Nf6 13. c4 Be6 14. Bb3 Rac8 15.
Nf4 Bf7 16. Qe1 g5 17. Ne2 Qc7 18. f3 exf3 19. Rxf3 Bh5 20. Rf1 Bxe2 21. Qxe2
Rce8 22. Qd3 Kg7 23. Nf3 Ng6 24. cxd5 f4 25. Bc2 Ne4 26. dxc6 Qxc6 27. d5 Qb6
28. Nd4 fxe3 29. Rxf8 Kxf8 30. Qxe3 Nf6 31. Qf2 Nf4 32. Rf1 Qxd4 33. Qxd4 Ne2+
34. Kh1 Nxd4 35. Rxf6+ Kg7 36. Rg6+ Kf7 37. Re6 Nxe6 38. dxe6+ Kxe6 39. Kg1 Rd8
0-1

[Event "M.Botvinnik Memorial 2012"]
[Site "St. Petersburg, Russia"]
[Date "2012.08.25"]
[Round "1.83"]
[White "Shushpanov, Vladimir"]
[Black "Molchanov, Alexander"]
[Result "1-0"]
[WhiteElo "2318"]
[BlackElo "1783"]
[PlyCount "53"]
[EventDate "2012.08.25"]

1. Nf3 Nf6 2. g3 g6 3. b3 Bg7 4. Bb2 O-O 5. Bg2 d6 6. d4 Nfd7 7. O-O e5 8. dxe5
Nxe5 9. Nxe5 dxe5 10. Na3 c6 11. Nc4 Qc7 12. Qd6 Qxd6 13. Nxd6 Nd7 14. Rfd1 Nb6
15. Rd2 Rb8 16. a4 Be6 17. a5 Nd7 18. a6 bxa6 19. Rxa6 Nc5 20. Rxa7 Bxb3 21.
cxb3 Nxb3 22. Rc2 c5 23. Bd5 Rbd8 24. Bxf7+ Kh8 25. Bxb3 Rxd6 26. Rxc5 Rb8 27.
Rxg7 1-0

[Event "M.Botvinnik Memorial 2012"]
[Site "St. Petersburg, Russia"]
[Date "2012.08.25"]
[Round "1.84"]
[White "Rybakova, Polina"]
[Black "Molchanova, Tatjana"]
[Result "0-1"]
[WhiteElo "1781"]
[BlackElo "2318"]
[PlyCount "50"]
[EventDate "2012.08.25"]

1. e4 c6 2. d4 d5 3. Nd2 dxe4 4. Nxe4 Bf5 5. Ng3 Bg6 6. h4 h6 7. Nf3 Nd7 8. h5
Bh7 9. Bd3 Bxd3 10. Qxd3 e6 11. Bd2 Ngf6 12. O-O-O Be7 13. Qe2 O-O 14. Rdg1 c5
15. Nf1 cxd4 16. Nxd4 Nc5 17. Nb3 Nxb3+ 18. axb3 Rc8 19. g4 Qd5 20. Rh3 Rfd8
21. Re3 Ne4 22. f4 Nxd2 23. Nxd2 Qa5 24. Rg2 Rxd2 25. Qf3 Rcxc2+ 0-1

[Event "M.Botvinnik Memorial 2012"]
[Site "St. Petersburg, Russia"]
[Date "2012.08.25"]
[Round "1.85"]
[White "Polyaninov, Aleksey"]
[Black "Lyazhkov, Sergey"]
[Result "1-0"]
[WhiteElo "2316"]
[BlackElo "1769"]
[PlyCount "97"]
[EventDate "2012.08.25"]

1. Nf3 Nf6 2. g3 g6 3. b3 Bg7 4. Bb2 O-O 5. Bg2 d6 6. d4 Nbd7 7. O-O a6 8. a4
c5 9. d5 Ne8 10. Bxg7 Kxg7 11. a5 Ndf6 12. Nc3 Rb8 13. Nd2 e5 14. Nc4 Bf5 15.
Qd2 Qe7 16. e4 Bd7 17. Rfe1 Bb5 18. Ne3 Nc7 19. Ncd1 Nh5 20. Bf3 Nf6 21. Nb2
Bd7 22. c4 b5 23. axb6 Rxb6 24. Qc3 Rfb8 25. Bd1 Nxe4 26. Qc1 Qf6 27. f3 Ng5
28. Rf1 Bh3 29. Rf2 Bd7 30. Rf1 Rxb3 31. Bxb3 Rxb3 32. Nbd1 Nxf3+ 33. Kg2 e4
34. Rb1 Rxb1 35. Qxb1 Qe5 36. Qb2 Qd4 37. Qb7 Qe5 38. h4 Ne8 39. Qxd7 Nf6 40.
Qb7 Nh5 41. Qb2 Nd4 42. Qf2 Nf3 43. Ng4 Qf5 44. Nde3 Nf4+ 45. gxf4 Qh5 46. Qb2+
Kf8 47. Qh8+ Ke7 48. Qf6+ Ke8 49. Rb1 1-0

[Event "M.Botvinnik Memorial 2012"]
[Site "St. Petersburg, Russia"]
[Date "2012.08.25"]
[Round "1.86"]
[White "Tarakanova, Valeria"]
[Black "Duzhakov, Ilya"]
[Result "0-1"]
[WhiteElo "1767"]
[BlackElo "2313"]
[PlyCount "74"]
[EventDate "2012.08.25"]

1. e4 c5 2. Nf3 d6 3. d4 cxd4 4. Nxd4 Nf6 5. Nc3 a6 6. Be3 e5 7. Nb3 Be6 8. Qd2
Be7 9. f3 O-O 10. O-O-O Nbd7 11. g4 b5 12. g5 b4 13. Nd5 Nxd5 14. exd5 Bf5 15.
h4 a5 16. Kb1 a4 17. Nc1 Qa5 18. Bh3 Bxh3 19. Rxh3 Nb6 20. f4 Nc4 21. Qe2 Rfc8
22. Bd2 Rab8 23. Qe4 Qb5 24. h5 Nxd2+ 25. Rxd2 Rc4 26. Qg2 Rxf4 27. g6 fxg6 28.
hxg6 h6 29. Rf3 Rbf8 30. Rxf4 Rxf4 31. Ne2 Rf6 32. Rd3 Qe8 33. Rg3 Qf8 34. Qe4
Rf1+ 35. Nc1 Rxc1+ 36. Kxc1 Qf1+ 37. Kd2 Qf2+ 0-1

[Event "M.Botvinnik Memorial 2012"]
[Site "St. Petersburg, Russia"]
[Date "2012.08.25"]
[Round "1.87"]
[White "Bazeev, German"]
[Black "Lysukha, Nikita"]
[Result "1-0"]
[WhiteElo "2308"]
[BlackElo "1759"]
[PlyCount "47"]
[EventDate "2012.08.25"]

1. d4 d5 2. c4 e6 3. Nf3 Nf6 4. g3 dxc4 5. Bg2 c5 6. O-O Nbd7 7. Na3 c3 8. bxc3
Be7 9. Nc4 O-O 10. Rb1 Nd5 11. Bd2 Qc7 12. e4 cxd4 13. exd5 Qxc4 14. dxe6 Nb6
15. exf7+ Qxf7 16. Nxd4 Qxa2 17. Re1 Bc5 18. Bf4 Kh8 19. Qh5 Bxd4 20. cxd4 Qc4
21. Be4 Qg8 22. Bd6 Rf6 23. Be5 Rh6 24. Qxh6 1-0

[Event "M.Botvinnik Memorial 2012"]
[Site "St. Petersburg, Russia"]
[Date "2012.08.25"]
[Round "1.88"]
[White "Kholova, Elena"]
[Black "Myshkin, Nikita"]
[Result "0-1"]
[WhiteElo "1753"]
[BlackElo "2299"]
[PlyCount "52"]
[EventDate "2012.08.25"]

1. d4 Nf6 2. Nf3 b6 3. g3 Bb7 4. Bg2 c5 5. c3 e6 6. O-O Be7 7. Nbd2 O-O 8. Re1
d5 9. b3 Nc6 10. Bb2 Rc8 11. c4 dxc4 12. Nxc4 b5 13. Ne3 Qb6 14. a4 a6 15. axb5
axb5 16. Nc2 Rfe8 17. e3 cxd4 18. Bxd4 Nxd4 19. Ncxd4 Bb4 20. Rf1 Bc3 21. Rc1
b4 22. Kh1 Ba6 23. Rg1 Ng4 24. Rc2 e5 25. h3 exd4 26. hxg4 dxe3 0-1

[Event "M.Botvinnik Memorial 2012"]
[Site "St. Petersburg, Russia"]
[Date "2012.08.25"]
[Round "1.89"]
[White "Lamorelle, Julien"]
[Black "Shemenko, Georgy"]
[Result "1-0"]
[WhiteElo "2290"]
[BlackElo "1746"]
[PlyCount "85"]
[EventDate "2012.08.25"]

1. e4 e6 2. d4 d5 3. Nc3 Nf6 4. e5 Nfd7 5. f4 c5 6. Nf3 Nc6 7. Be3 Qb6 8. Na4
Qa5+ 9. c3 c4 10. b4 Qc7 11. Be2 b5 12. Nc5 Nxc5 13. dxc5 Bb7 14. a4 a6 15. O-O
Be7 16. Bd4 O-O 17. Qc2 f5 18. exf6 Bxf6 19. Bxf6 Rxf6 20. Ng5 g6 21. axb5 axb5
22. Rxa8+ Bxa8 23. Bg4 Qe7 24. Qd2 h6 25. Nxe6 Nd8 26. Nd4 Qb7 27. Qe3 Kg7 28.
Ra1 Rf8 29. f5 g5 30. Qe5+ Kg8 31. Qd6 Kh8 32. Qxh6+ Kg8 33. Qxg5+ Kh8 34. f6
Qh7 35. Bf5 Nf7 36. Qg7+ Qxg7 37. fxg7+ Kxg7 38. Ne6+ Kg8 39. Nxf8 Kxf8 40.
Rxa8+ Kg7 41. Be6 Ne5 42. Bxd5 Nd3 43. c6 1-0

[Event "M.Botvinnik Memorial 2012"]
[Site "St. Petersburg, Russia"]
[Date "2012.08.25"]
[Round "1.90"]
[White "Kokhnover, Ilya"]
[Black "Palachev, Petr"]
[Result "0-1"]
[WhiteElo "1743"]
[BlackElo "2290"]
[PlyCount "46"]
[EventDate "2012.08.25"]

1. e4 c6 2. d4 d5 3. exd5 cxd5 4. c4 Nf6 5. Nc3 g6 6. cxd5 Bg7 7. Bc4 O-O 8.
Be3 Nbd7 9. d6 Nb6 10. dxe7 Qxe7 11. Bb3 Ng4 12. Qe2 Re8 13. Kd2 Nxe3 14. fxe3
Bxd4 15. Re1 Bf5 16. Nf3 Bxc3+ 17. bxc3 Qa3 18. Rc1 Rad8+ 19. Nd4 a5 20. Qb5
Nc8 21. Qxb7 Nd6 22. Qf3 Ne4+ 23. Kd1 Bg4 0-1

[Event "M.Botvinnik Memorial 2012"]
[Site "St. Petersburg, Russia"]
[Date "2012.08.25"]
[Round "1.91"]
[White "Martynov, Pavel"]
[Black "Toporkova, Sofia"]
[Result "1-0"]
[WhiteElo "2289"]
[BlackElo "1729"]
[PlyCount "33"]
[EventDate "2012.08.25"]

1. d4 d5 2. c4 e6 3. Nc3 Nf6 4. cxd5 exd5 5. Bg5 c6 6. e3 Bf5 7. Qf3 Qb6 8.
Qxf5 Qxb2 9. Qc8+ Ke7 10. Rb1 Qxc3+ 11. Kd1 b6 12. Qb7+ Ke6 13. Bxf6 Nd7 14.
Rc1 Rb8 15. Qxc6+ Qxc6 16. Rxc6+ Kf5 17. Bd3+ 1-0

[Event "M.Botvinnik Memorial 2012"]
[Site "St. Petersburg, Russia"]
[Date "2012.08.25"]
[Round "1.92"]
[White "Gusev, Boris"]
[Black "Solovyov, Viktor"]
[Result "0-1"]
[WhiteElo "1724"]
[BlackElo "2278"]
[PlyCount "56"]
[EventDate "2012.08.25"]

1. e4 c5 2. Nf3 e6 3. d4 cxd4 4. Nxd4 a6 5. Nc3 b5 6. Bd3 Qb6 7. Nb3 Qc7 8. O-O
Bb7 9. Ne2 Nf6 10. Ng3 d5 11. Re1 Nbd7 12. exd5 Bxd5 13. Be3 Be7 14. Qe2 Nb6
15. Bxb6 Qxb6 16. Nf5 Bf8 17. Rad1 Rd8 18. h3 g6 19. Qe5 gxf5 20. Qxf6 Rg8 21.
Bf1 Be7 22. Qh6 Rg6 23. Qe3 Qc7 24. Qe5 Qxe5 25. Rxe5 Bf6 26. Re2 Rd6 27. c3
Bxg2 28. Rxd6 Bf3+ 0-1

[Event "M.Botvinnik Memorial 2012"]
[Site "St. Petersburg, Russia"]
[Date "2012.08.25"]
[Round "1.93"]
[White "Chetverik, Maxim"]
[Black "Shakirova, Renata"]
[Result "1-0"]
[WhiteElo "2272"]
[BlackElo "1722"]
[PlyCount "111"]
[EventDate "2012.08.25"]

1. d4 Nf6 2. c4 g6 3. Nf3 Bg7 4. g3 O-O 5. Bg2 d6 6. O-O Nbd7 7. Qc2 c5 8. Nc3
cxd4 9. Nxd4 Re8 10. Rd1 Qc7 11. b3 a6 12. Bb2 e5 13. Nf3 Nc5 14. e4 Bd7 15.
Qe2 Bc6 16. Ne1 b6 17. Rac1 Rad8 18. Nd5 Nxd5 19. cxd5 Bb5 20. Qe3 a5 21. Bf1
Bxf1 22. Kxf1 Qd7 23. Kg2 f5 24. exf5 Qxf5 25. Rc2 Rf8 26. Nd3 Rf7 27. Qe2 Nxd3
28. Rxd3 e4 29. Rd1 Bxb2 30. Rxb2 Rc8 31. Rbd2 Rc3 32. Re1 Re7 33. Kg1 e3 34.
fxe3 Rcxe3 35. Qxe3 Rxe3 36. Rxe3 Qg5 37. Rdd3 h5 38. h4 Qf5 39. a4 g5 40. hxg5
Qxg5 41. Kh2 Qf5 42. Kg2 Qg6 43. Rf3 Qe4 44. Kf2 Kg7 45. Rd2 Qb4 46. Rdd3 Qe4
47. Rfe3 Qf5+ 48. Kg2 Kg8 49. Rd4 Kg7 50. Ree4 Qc8 51. Re7+ Kg8 52. Rc4 Qf5 53.
Rcc7 Qxd5+ 54. Kh2 Kf8 55. Red7 Ke8 56. Rh7 1-0

[Event "M.Botvinnik Memorial 2012"]
[Site "St. Petersburg, Russia"]
[Date "2012.08.25"]
[Round "1.94"]
[White "Levdansky, Alexey"]
[Black "Krivonos, Nikolay"]
[Result "0-1"]
[WhiteElo "1716"]
[BlackElo "2258"]
[PlyCount "130"]
[EventDate "2012.08.25"]

1. Nf3 f5 2. d4 g6 3. c4 Nf6 4. Nc3 Bg7 5. g3 O-O 6. Bg2 d6 7. O-O Qe8 8. Re1
Qf7 9. b3 Ne4 10. Bb2 Nc6 11. e3 e5 12. dxe5 dxe5 13. Rb1 h6 14. Rf1 Rd8 15.
Qe2 Nxc3 16. Bxc3 e4 17. Nd4 Nxd4 18. Bxd4 Bxd4 19. exd4 Rxd4 20. Rbd1 Rxd1 21.
Rxd1 Be6 22. Qe3 Kh7 23. f3 exf3 24. Qxf3 c6 25. Qf4 Re8 26. Rd6 Qe7 27. Rd1
Bc8 28. Kh1 Rd8 29. Rf1 h5 30. Qf2 a6 31. Re1 Qf7 32. h3 Re8 33. Rd1 Qe7 34.
Qf4 Be6 35. Kh2 Bf7 36. h4 Kg7 37. Qd4+ Qf6 38. Qxf6+ Kxf6 39. Rd7 Re7 40. Rd6+
Ke5 41. Rd2 Be6 42. Rd1 Rd7 43. Re1+ Kf6 44. Re2 c5 45. Bh1 b6 46. Bg2 f4 47.
Bd5 fxg3+ 48. Kxg3 Bxd5 49. cxd5 Rxd5 50. Re8 Rd3+ 51. Kf4 Rd4+ 52. Kg3 Kf5 53.
Rb8 Rd3+ 54. Kg2 Rd6 55. Kf3 Ke5 56. Ke3 Kd5 57. Rg8 c4 58. bxc4+ Kxc4 59. Rc8+
Kb4 60. Rc2 b5 61. Rb2+ Ka4 62. Rg2 b4 63. Ke4 a5 64. Ke5 Ra6 65. Kd4 Ka3 0-1

[Event "M.Botvinnik Memorial 2012"]
[Site "St. Petersburg, Russia"]
[Date "2012.08.25"]
[Round "1.95"]
[White "Toivonen, Alexander V"]
[Black "Petrochenko, Maria"]
[Result "1-0"]
[WhiteElo "2250"]
[BlackElo "1694"]
[PlyCount "121"]
[EventDate "2012.08.25"]

1. d4 d5 2. c4 c6 3. Nf3 Nf6 4. Nc3 e6 5. e3 Nbd7 6. Bd3 dxc4 7. Bxc4 b5 8. Be2
Bd6 9. e4 e5 10. dxe5 Nxe5 11. Nxe5 Bxe5 12. Qxd8+ Kxd8 13. f3 Ke7 14. Be3 Nd7
15. Rc1 a6 16. f4 Bc7 17. Bf3 f6 18. Kf2 Bb6 19. Bxb6 Nxb6 20. Ne2 Bd7 21. b3
Rac8 22. Rc5 Rhd8 23. Rhc1 Rc7 24. Nd4 Rdc8 25. e5 fxe5 26. Rxe5+ Kd6 27. Rd1
Nd5 28. g3 g6 29. Rd2 Re8 30. Nxc6 Bxc6 31. Rxe8 Bxe8 32. Bxd5 Ke7 33. Be4 Rc3
34. Rc2 Rxc2+ 35. Bxc2 Kd6 36. Ke3 Kc5 37. a3 Bd7 38. Bd1 h5 39. Bc2 Be8 40.
Ke4 Kd6 41. Kd4 Bf7 42. b4 Be8 43. Be4 Bf7 44. Bb7 Be8 45. Be4 Bf7 46. Bb7 Be8
47. Bxa6 Bc6 48. Bc8 Bg2 49. h4 Bc6 50. Bh3 Bb7 51. Bf1 Bc6 52. Be2 Bd7 53. Bd3
Be8 54. f5 gxf5 55. Bxf5 Bf7 56. g4 hxg4 57. Bxg4 Bg8 58. Be2 Kc6 59. h5 Bh7
60. h6 Bg6 61. Bd3 1-0

[Event "M.Botvinnik Memorial 2012"]
[Site "St. Petersburg, Russia"]
[Date "2012.08.25"]
[Round "1.96"]
[White "Veelenturf, Wim"]
[Black "Vunder, Andrey"]
[Result "1/2-1/2"]
[WhiteElo "1690"]
[BlackElo "2248"]
[PlyCount "98"]
[EventDate "2012.08.25"]

1. e4 c6 2. d4 d5 3. Nc3 dxe4 4. Nxe4 Bf5 5. Ng3 Bg6 6. Nf3 Nd7 7. h4 h6 8. c3
Ngf6 9. Bd3 Bxd3 10. Qxd3 e6 11. Bf4 Nd5 12. Ne2 Nxf4 13. Nxf4 Nf6 14. O-O-O
Qc7 15. g3 Bd6 16. Nh3 O-O-O 17. Qc2 Kb8 18. Nd2 c5 19. Ne4 cxd4 20. Rxd4 Be5
21. Rxd8+ Rxd8 22. Nxf6 Bxf6 23. Rd1 Qc4 24. Rxd8+ Bxd8 25. Qd1 Kc8 26. a3 Bc7
27. Ng1 Qe4 28. Nf3 Bb6 29. Nd4 Bxd4 30. Qxd4 Qxd4 31. cxd4 Kd7 32. Kd2 Kd6 33.
Ke3 Kd5 34. Kd3 g6 35. b3 f6 36. f4 h5 37. Ke3 b5 38. Kd3 a6 39. Ke3 Kc6 40.
Ke4 Kd6 41. Ke3 Kd5 42. Kd3 Kc6 43. Ke4 Kd6 44. Ke3 a5 45. a4 bxa4 46. bxa4 Kc6
47. Ke4 Kd6 48. Kd3 Kd5 49. Kc3 Kd6 1/2-1/2

[Event "M.Botvinnik Memorial 2012"]
[Site "St. Petersburg, Russia"]
[Date "2012.08.25"]
[Round "1.97"]
[White "Bronnikova, Elizaveta"]
[Black "Klimshin, Ilia"]
[Result "1-0"]
[WhiteElo "2238"]
[BlackElo "1678"]
[PlyCount "67"]
[EventDate "2012.08.25"]

1. e4 d5 2. exd5 Qxd5 3. Nc3 Qd6 4. d4 Nf6 5. Nf3 a6 6. Be3 Nc6 7. Be2 Bf5 8.
a3 e6 9. Qd2 Be7 10. O-O-O b5 11. Bf4 Qd7 12. Ne5 Nxe5 13. dxe5 Qxd2+ 14. Rxd2
Ne4 15. Bf3 Nxd2 16. Bc6+ Kf8 17. Bxa8 Nc4 18. Bb7 g5 19. Bg3 h5 20. h3 Kg7 21.
Bxa6 c6 22. a4 b4 23. Bxc4 bxc3 24. Rd1 h4 25. Bh2 cxb2+ 26. Kxb2 Rb8+ 27. Bb3
Bc5 28. f4 gxf4 29. Bxf4 Rb7 30. Bg5 Be4 31. Rd2 Bb4 32. Re2 Bd5 33. Bf6+ Kg6
34. c4 1-0

[Event "M.Botvinnik Memorial 2012"]
[Site "St. Petersburg, Russia"]
[Date "2012.08.25"]
[Round "1.98"]
[White "Bezobrazov, Lev"]
[Black "Papadakis, Michalis"]
[Result "0-1"]
[WhiteElo "1675"]
[BlackElo "2235"]
[PlyCount "100"]
[EventDate "2012.08.25"]

1. e4 c5 2. Nf3 d6 3. d4 cxd4 4. Nxd4 Nf6 5. Nc3 a6 6. Bg5 e6 7. f4 Be7 8. Qf3
Qc7 9. Bd3 Nbd7 10. Nb3 b5 11. Qe2 Bb7 12. Nd1 Nc5 13. Nxc5 dxc5 14. c3 c4 15.
Bc2 h6 16. Bxf6 Bxf6 17. e5 Bh4+ 18. Nf2 Bxg2 19. Rg1 Qb7 20. Qg4 Bxf2+ 21.
Kxf2 Be4 22. Bxe4 Qxe4 23. Rge1 Qf5 24. Qxf5 exf5 25. a4 Ke7 26. Red1 Rhd8 27.
axb5 axb5 28. Ke2 Rxd1 29. Rxd1 Ra2 30. Rd2 f6 31. exf6+ Kxf6 32. Ke3 Ra6 33.
Rd5 Re6+ 34. Kf3 Rb6 35. Ke3 g5 36. h3 Re6+ 37. Kf3 Rb6 38. Kg3 Kg6 39. Kf3 b4
40. Rd4 bxc3 41. bxc3 Rc6 42. Kg3 Re6 43. Kf3 Rc6 44. Kg3 Kf6 45. Kf3 Ke6 46.
Kg3 Rd6 47. Rxd6+ Kxd6 48. Kf3 Kd5 49. Ke3 g4 50. hxg4 fxg4 0-1

[Event "M.Botvinnik Memorial 2012"]
[Site "St. Petersburg, Russia"]
[Date "2012.08.25"]
[Round "1.99"]
[White "Ganichev, Alexander"]
[Black "Turetsky, Mark"]
[Result "1-0"]
[WhiteElo "2227"]
[BlackElo "1659"]
[PlyCount "59"]
[EventDate "2012.08.25"]

1. e4 c6 2. d4 d5 3. Nc3 dxe4 4. Nxe4 Nd7 5. Bc4 Ngf6 6. Ng5 e6 7. Qe2 Nd5 8.
N1f3 Be7 9. O-O N7f6 10. Ne5 O-O 11. Bb3 Ne8 12. Ngf3 Qc7 13. c4 Ndf6 14. Be3
Nd7 15. Bc2 Nxe5 16. dxe5 c5 17. Bg5 g6 18. Rad1 Bxg5 19. Nxg5 Bd7 20. Rd3 h6
21. Ne4 Kg7 22. Nxc5 Bc6 23. Rg3 Qe7 24. Ne4 Rd8 25. Qe3 b6 26. h4 Bxe4 27.
Qxe4 Rg8 28. h5 g5 29. Qh7+ Kf8 30. Qxh6+ 1-0

[Event "M.Botvinnik Memorial 2012"]
[Site "St. Petersburg, Russia"]
[Date "2012.08.25"]
[Round "1.100"]
[White "Oxener, Aldo"]
[Black "Pashinsky, Mikhail"]
[Result "0-1"]
[WhiteElo "1513"]
[BlackElo "2220"]
[PlyCount "46"]
[EventDate "2012.08.25"]

1. d4 Nf6 2. Nf3 g6 3. c4 Bg7 4. Nc3 d5 5. cxd5 Nxd5 6. e4 Nxc3 7. bxc3 O-O 8.
Bc4 c5 9. Be3 Nc6 10. O-O cxd4 11. cxd4 Bg4 12. e5 Bxf3 13. gxf3 e6 14. Kh1 h6
15. Rg1 Rc8 16. Be2 Qd5 17. Qd2 Rfd8 18. Rg4 Nxe5 19. Rg3 Nc4 20. Bxc4 Rxc4 21.
Bxh6 Rxd4 22. Qe3 Rd3 23. Qf4 Bxa1 0-1

[Event "M.Botvinnik Memorial 2012"]
[Site "St. Petersburg, Russia"]
[Date "2012.08.25"]
[Round "1.101"]
[White "Kharmunova, Nadezhda"]
[Black "Trumul, Svetlana"]
[Result "1-0"]
[WhiteElo "2219"]
[BlackElo "1474"]
[PlyCount "61"]
[EventDate "2012.08.25"]

1. e4 e5 2. Nf3 d6 3. Nc3 Nc6 4. d4 Bg4 5. Bb5 Nf6 6. dxe5 Bxf3 7. Qxf3 dxe5 8.
Bg5 Bb4 9. Rd1 Qe7 10. O-O Bxc3 11. Qxc3 Qe6 12. Bxc6+ bxc6 13. Bxf6 Qxf6 14.
Qc5 Qe6 15. Rd3 f6 16. Rfd1 Kf7 17. Rd7+ Kg6 18. R1d3 h6 19. Rg3+ Kh5 20. Rgxg7
Rhg8 21. g4+ Kh4 22. Qe3 Qxg4+ 23. Rxg4+ Rxg4+ 24. Kf1 h5 25. Qh6 Rag8 26.
Qxf6+ R8g5 27. Rd3 Rxe4 28. Rg3 Reg4 29. f3 Rxg3 30. hxg3+ Kh3 31. Qxg5 1-0

[Event "M.Botvinnik Memorial 2012"]
[Site "St. Petersburg, Russia"]
[Date "2012.08.25"]
[Round "1.106"]
[White "Khakimov, Timur"]
[Black "Nikiforov, Vyacheslav"]
[Result "1-0"]
[WhiteElo "2298"]
[BlackElo "1880"]
[PlyCount "119"]
[EventDate "2012.08.25"]

1. e4 c5 2. Nf3 e6 3. Nc3 Nc6 4. Bb5 d6 5. O-O Nge7 6. d4 a6 7. dxc5 dxc5 8.
Qxd8+ Kxd8 9. Rd1+ Ke8 10. Bf4 Bd7 11. Bxc6 Bxc6 12. Ne5 f6 13. Nc4 Ng6 14. Bc7
b5 15. Nd6+ Bxd6 16. Rxd6 Ne7 17. Rad1 Kf7 18. Bb6 c4 19. a3 Rac8 20. f3 Rhe8
21. Ne2 e5 22. Nc3 h6 23. Na2 f5 24. Nb4 fxe4 25. Nxc6 Rxc6 26. fxe4 Rec8 27.
Bd8 Rxd6 28. Rxd6 Nc6 29. Bb6 Ne7 30. Rd7 Ke8 31. Ra7 Rc6 32. Ba5 Re6 33. Bc3
g5 34. Bb4 Kf7 35. Kf2 Kf6 36. Bxe7+ Rxe7 37. Rxa6+ Kg7 38. Rb6 Rd7 39. Ke3 Rd1
40. Rxb5 Rg1 41. Kf2 Rb1 42. c3 Kf6 43. a4 Ra1 44. a5 h5 45. Rb6+ Kf7 46. a6
Ke7 47. h3 Kf7 48. Kg3 Ke7 49. Rc6 Kf7 50. Rxc4 Rxa6 51. Rc5 Kf6 52. b4 Ra2 53.
Rc6+ Kf7 54. b5 Rb2 55. c4 Ke7 56. b6 Kd7 57. Rc7+ Kd6 58. c5+ Ke6 59. b7 h4+
60. Kh2 1-0

[Event "M.Botvinnik Memorial 2012"]
[Site "St. Petersburg, Russia"]
[Date "2012.08.25"]
[Round "1.107"]
[White "Popov, Alexei"]
[Black "Andrenko, Irina"]
[Result "0-1"]
[WhiteElo "1797"]
[BlackElo "2228"]
[PlyCount "104"]
[EventDate "2012.08.25"]

1. e4 g6 2. d4 Bg7 3. c4 c5 4. d5 d6 5. f4 Nf6 6. Nc3 O-O 7. Be2 b5 8. cxb5 a6
9. bxa6 Bxa6 10. Nf3 Nbd7 11. h3 c4 12. Be3 Qa5 13. Nd2 Rfb8 14. Qa4 Qxa4 15.
Nxa4 Rb4 16. Bd1 Bb7 17. O-O Rbxa4 18. Bxa4 Rxa4 19. b3 cxb3 20. axb3 Rb4 21.
Ra4 Rb5 22. Rc1 Nc5 23. Bxc5 dxc5 24. Ra7 Nh5 25. Nc4 Nxf4 26. Rc2 Bd4+ 27. Kh2
Rxb3 28. Na5 Ra3 29. Rxb7 Rxa5 30. Rxe7 Kf8 31. d6 Ra6 32. Rd7 Ne6 33. g3 h5
34. Rc1 Be5 35. Rf1 Rxd6 36. Rfxf7+ Kg8 37. Rxd6 Kxf7 38. Rd7+ Kf6 39. h4 c4
40. Rd1 Nc5 41. Re1 c3 42. Kh3 Nd3 43. Rf1+ Ke6 44. g4 c2 45. gxh5 gxh5 46. Kg2
Bc3 47. Kf3 Ne1+ 48. Kg3 c1=Q 49. Rf5 Qe3+ 50. Kh2 Qe2+ 51. Kg3 Qg2+ 52. Kf4
Bd2# 0-1

[Event "M.Botvinnik Memorial 2012"]
[Site "St. Petersburg, Russia"]
[Date "2012.08.25"]
[Round "1.108"]
[White "Ljubarov, Mark"]
[Black "Sorokina, Svetlana"]
[Result "1-0"]
[WhiteElo "2158"]
[BlackElo "1713"]
[PlyCount "65"]
[EventDate "2012.08.25"]

1. e4 g6 2. d4 Bg7 3. Be3 c6 4. c4 d6 5. Nc3 Nf6 6. f3 O-O 7. Qd2 e5 8. Nge2 c5
9. dxe5 dxe5 10. Qxd8 Rxd8 11. Bxc5 Na6 12. Be7 Re8 13. Bxf6 Bxf6 14. Nd5 Bd8
15. Nec3 Bd7 16. O-O-O Rc8 17. b4 Nc7 18. Nxc7 Rxc7 19. c5 a6 20. Bc4 Bc6 21.
Kb2 Rc8 22. Bd5 b6 23. Bxc6 Rxc6 24. Rd6 Rc8 25. cxb6 Be7 26. Rd7 Bxb4 27. Nd5
Bc5 28. Nf6+ Kf8 29. b7 Rb8 30. Nxe8 Kxe8 31. Rc7 Bd6 32. Rc8+ Kd7 33. Rxb8 1-0

[Event "M.Botvinnik Memorial 2012"]
[Site "St. Petersburg, Russia"]
[Date "2012.08.25"]
[Round "1.109"]
[White "Sokolov, Ilia"]
[Black "Gorjunov, Sergey"]
[Result "0-1"]
[WhiteElo "1712"]
[BlackElo "2128"]
[PlyCount "54"]
[EventDate "2012.08.25"]

1. Nf3 c5 2. g3 d5 3. Bg2 Nc6 4. O-O e5 5. d3 Bd6 6. e4 d4 7. Nbd2 Nge7 8. Nc4
Bc7 9. a4 f6 10. Nh4 Be6 11. f4 O-O 12. b3 a6 13. fxe5 fxe5 14. Nf5 Nxf5 15.
exf5 Rxf5 16. Rxf5 Bxf5 17. Qe2 Qe7 18. Bxc6 bxc6 19. Bf4 Re8 20. Re1 e4 21.
Bxc7 Qxc7 22. Qh5 g6 23. Qg5 Qe7 24. Qxe7 Rxe7 25. Na5 exd3 26. Kf2 dxc2 27.
Rc1 d3 0-1